000 01024nas a2200253Ia 4500
001 R109/G8422
003 IT-RoPAU
008 151124c99999999xx |||||||||||| ||und||
040 _aIT-RoPAU
040 _cIT-RoPAU
041 _aFRANCESE
100 _aLamperiere Annick
_gCodice Aut. SPICS: 55863
210 _aCOMMUNICATIONS
222 _aCommunications
245 _aCOMMUNICATIONS, N.71 (2001)
_bMoi, Rigoberta Menchu'. Temoignage D'Une Indienne Internationale
250 _a1a ed.
260 _aPARIS
_bSEUIL
_c2001
501 _bPaulus - SPICS - Società San Paolo EM (non-commercial uses only)
_cCopyright2015
300 _a40 p. [395-434]
362 _aN.71 (2001)
500 _aTestimonianza di una Indiana Internazionale. Cos'E' una Testimonianza? Energie della Testimonianza. Testimonianza Come Rappresentazione. Comunità Autorappresentata. Intermediari. Politica Ladina e Politica Indiana. Produzione di una Testimonianza: Contest
650 _aCOMUNICAZIONE
_vPUBBLICAZIONE PERIODICA
942 _cCR
999 _c203516
_d203516